Religions et magies indiennes d'Amerique du sud
Αποθηκεύτηκε σε:
| Κύριος συγγραφέας: | |
|---|---|
| Μορφή: | Βιβλίο |
| Γλώσσα: | French |
| Δημοσίευση: |
Paris :
Galimard,
1967.
|
| Σειρά: | Bibliotheque des sciences humaines
|
| Θέματα: | |
| Ετικέτες: |
Προσθήκη ετικέτας
Δεν υπάρχουν, Καταχωρήστε ετικέτα πρώτοι!
|
MARC
| LEADER | 00000cam a2200000 i 4500 | ||
|---|---|---|---|
| 001 | 1/184 | ||
| 008 | 950630s1967 fr | ||| |||| ||fre|| | ||
| 020 | |a 2070244377 | ||
| 035 | |l 10013990 | ||
| 040 | |a GR-MyUa |b gre |e AACR2 | ||
| 041 | 0 | |a fre | |
| 082 | 7 | |a 980.00498 |2 (22) | |
| 100 | 1 | |a Metraux, Alfred, |d 1902-1963. | |
| 245 | 1 | 0 | |a Religions et magies indiennes d'Amerique du sud / |c Alfred Metraux ; edition posthume établie par Simone Dreyfus. |
| 260 | |a Paris : |b Galimard, |c 1967. | ||
| 300 | |a 290 σ. ; |c 22 εκ. | ||
| 490 | 1 | |a (Bibliotheque des sciences humaines) | |
| 650 | 0 | |a Indians of South America. | |
| 650 | 0 | |a Ethnology |z South America. | |
| 830 | 0 | |a Bibliotheque des sciences humaines | |
| 852 | |a INST |b LESVOS |e 19950630 |h 980.00498 ΜΕΤ |p 005100008334 |q 005100008334 |t BK |y 0 | ||
| 922 | |a 1ΕΛΗ |b 199108 |c ΠΠ/1021 | ||